000 00296nam a2200121 a 4500
008 110512s1966|||| d
100 1 _aBronina,B.J.
245 1 0 _aSovetskije pisateli
260 _bChudožestvenaja literatúra
_aMoskva
_c1966
020 _c10
041 _arus.
044 _axo
_cSK
999 _c19565
_d19565